| 000 | nam a22 7a 4500 | ||
|---|---|---|---|
| 999 |
_c330843 _d330843 |
||
| 003 | NUST | ||
| 005 | 20170816130724.0 | ||
| 008 | 170816b xxu||||| |||| 00| 0 eng d | ||
| 020 | _a9789698957957 | ||
| 040 | _cNUST | ||
| 082 |
_a922 _bKHA |
||
| 100 |
_aKhalid, Masood _93918 |
||
| 245 |
_aBaba Farid: _bFarid ud Din Masood Gang Shakr ka falsafa insaniyat/ _cby Masood Khalid |
||
| 260 |
_aLahore: _bSanjh Publication, _c2010 |
||
| 300 | _a142 p. | ||
| 504 | _aInclude bibliographies | ||
| 650 |
_aBiographies _93595 |
||
| 880 |
_6100-01\(3\r _aمحمد مسعود خالد |
||
| 880 |
_6245-02\(3\r _aبابا فرید: _bفرید الدین مسعود گنج شکر کا فلسفہ انسانیت _cمحمد مسعود خالد |
||
| 880 |
_6260-03\(3\r _aلاہور: _bسانجھ پبلیکیشنز، _c2010 |
||
| 942 |
_2ddc _cBK |
||